Forest biochemistry and primary production altered by nitrogen saturation (Record no. 45343)

MARC details
000 -LEADER
fixed length control field 00653nam a2200241Ia 4500
100 ## - MAIN ENTRY--AUTHOR NAME
Personal name Aber John D
245 #0 - TITLE STATEMENT
Title Forest biochemistry and primary production altered by nitrogen saturation
260 ## - PUBLICATION, DISTRIBUTION, ETC. (IMPRINT)
Name of publisher Water, Air and Soil Pollution
Year of publication 1995
300 ## - PHYSICAL DESCRIPTION
Number of Pages 1665-1670
650 ## - SUBJECT ADDED ENTRY--TOPICAL TERM
Topical Term Element ratios
650 ## - SUBJECT ADDED ENTRY--TOPICAL TERM
Topical Term Mineralization
650 ## - SUBJECT ADDED ENTRY--TOPICAL TERM
Topical Term N leaching
650 ## - SUBJECT ADDED ENTRY--TOPICAL TERM
Topical Term NPP
650 ## - SUBJECT ADDED ENTRY--TOPICAL TERM
Topical Term Nutrification
700 ## - ADDED ENTRY--PERSONAL NAME
Personal name Boone Richard D
700 ## - ADDED ENTRY--PERSONAL NAME
Personal name Downs Marty
700 ## - ADDED ENTRY--PERSONAL NAME
Personal name Hallett Richard
700 ## - ADDED ENTRY--PERSONAL NAME
Personal name Magill Alison
700 ## - ADDED ENTRY--PERSONAL NAME
Personal name Mcnulty Steven G
700 ## - ADDED ENTRY--PERSONAL NAME
Personal name Nadelhoffer Knute J
942 ## - ADDED ENTRY ELEMENTS (KOHA)
Koha item type Reprints
Holdings
Withdrawn status Lost status Damaged status Not for loan Home library Current library Shelving location Date acquired Serial Enumeration / chronology Accession Number Koha item type
      Reprints RRII Library RRII Library Agronomy 22/12/2021 Volume 85, Issue P01470 Reprints